A Selmecbányai M. Kir. Bányászati És Erdészeti Főiskola Programmja

Bibliographic Details
Corporate Author: Joerges, Augustín a syn (Banská Štiavnica, Slovensko) (Printer)
Other Authors: Walek, Karol, 1878-1952 (Compiler), Széki, Ján, 1879-1952 (Compiler), Krippel, Móric, 1867-1945 (Compiler)
Format: Book
Language:Hungarian
PhysicalDescription:IX, 188, [32] s. 23 cm
Published: Selmecbánya Joerges Ágost özv. és fia Könyvnyomdája 1917
Edition:III. Kiadás
Subjects:

MARC

LEADER 00000nam a2200000 a 4500
001 vtls011845853
003 SK-MaSNL
005 20260302022129.0
008 190314s1917 xo 0 an0 hun
015 |a SNBA1917 
040 |a SNKHF  |b slo  |c SNK  |e AACR2 
041 0 |a hun 
044 |a xo  |c SK 
072 7 |a 378  |x Vysoké školy  |2 konspekt 
080 |a 378  |2 2011 
130 2 |a A Selmecbányai  |9 667258 
245 1 2 |a A Selmecbányai M. Kir. Bányászati És Erdészeti Főiskola Programmja  |c Kiadja A Főiskola Rektorátusa 
250 |a III. Kiadás 
260 |a Selmecbánya  |b Joerges Ágost özv. és fia Könyvnyomdája  |c 1917 
300 |a IX, 188, [32] s.  |c 23 cm 
508 |a Zostavovatelia uvedení na rube titulného listu 
610 2 7 |a Banícka a lesnícka akadémia (Banská Štiavnica, Slovensko)  |2 SNKKA  |9 63833 
650 0 7 |a vysoké školy  |2 SNKPH  |9 1277 
651 7 |a Banská Štiavnica (Slovensko)  |2 SNKPHgeo  |9 16373 
655 7 |a študijné programy  |2 SNKPH  |9 265409 
700 1 |a Walek, Karol,  |d 1878-1952  |4 com  |9 667259 
700 1 |a Széki, Ján,  |d 1879-1952  |4 com  |9 667260 
700 1 |a Krippel, Móric,  |d 1867-1945  |4 com  |9 20256 
710 2 |a Joerges, Augustín a syn (Banská Štiavnica, Slovensko),  |d 1893-1928  |4 prt  |9 145612 
752 |a Slovensko  |d Banská Štiavnica 
852 |a SNK  |p SC 31757 
999 |c 1031621  |d 1033551 
952 |a SNK  |b SNK  |y PREZ  |7 0  |p 17A0962921  |o snkSC 31757  |i snkK 3157/73  |8 3  |0 0  |1 0  |4 0  |d 2019-03-14  |l 0  |r 2025-09-26 00:00:00  |w 2026-02-24